000 00917nam a2200253Ia 4500
003 OSt
005 20221005110522.0
006 a|||||r|||| 00| 0
007 ta
008 221004b |||||||| |||| 00| 0 hin d
020 _a8177142844 (hbk)
_c300
024 _a93689
037 _b417, 23/03/2009, Swaraj Prakashan
_cTextual
040 _aCRL
_cCRL
_bhin
041 _2hin
_ahin
082 _aO152,1N73x, P7
100 _aराकेश रंजन
245 0 _aअभी अभी जनमा है कवि
_b कविता संग्रह
246 _aAbhī abhī janamā hai kavi: kavitā sangraha
260 _aनई दिल्ली
_bप्रकाशन संस्थान भारत
_c2007
300 _a128पृ0
_ccm.
942 _hO152,1N73x, P7
_cTEXL
_2cc
999 _c1019068
_d1019068